Normal view MARC view
  • Movimientos estudiantiles

Entry Materia

Number of records used in: 39

001 - NÚMERO DE CONTROL DEL REGISTRO

  • campo de control: 4249

003 - IDENTIFICADOR DE NUMERO DE CONTROL

  • campo de control: MX-MxUPN

005 - FECHA Y HORA DE LA ÚLTIMA TRANSACCIÓN

  • campo de control: 20250212143400.0

008 - DATOS DE LONGITUD FIJA

  • campo de control de longitud fija: 230523dn fnnnnbabc n ana |d

035 ## - NÚMERO DE CONTROL DEL SISTEMA

  • Número de control del sistema: UPN10000004249

040 ## - FUENTE DE LA CATALOGACIÓN

  • Lengua de catalogación: spa
  • Agencia de transcripción: MX-MxUPN
  • Centro catalogador de origen: MX-MxUPN

150 ## - ENCABEZAMIENTO - TEMÁTICO

  • Término de materia o nombre geográfico como elemento inicial: Movimientos estudiantiles
  • Subdivisión geográfica: México
  • Subdivisión de materia general: Historia
  • Subdivisión cronológica: Siglo XX

670 ## - FUENTE EN LA QUE SE LOCALIZARON DATOS

  • Cita de la fuente: LC
  • Información localizada: Students movements - Mexico - History - 20th Century

902 ## - CATALOGADOR

  • Catalogador: BDV/280606